La isla de mamá Teresa, el abuelo Toño y otros cuentos /
Guardado en:
| Hovedforfatter: | |
|---|---|
| Format: | Ukendt |
| Sprog: | Spanish |
| Udgivet: |
Panamá :
[editor no identificado],
[fecha de publicación no identificada].
|
| Fag: | |
| Tags: |
Tilføj Tag
Ingen Tags, Vær først til at tagge denne postø!
|
MARC
| LEADER | 000000000a22000000004500 | ||
|---|---|---|---|
| 001 | 008406 | ||
| 041 | 0 | |a spa | |
| 082 | 0 | 4 | |a P863.44 |b C355i |
| 100 | 1 | |a Castro S., Claudio de, |d 1957- | |
| 245 | 1 | 3 | |a La isla de mamá Teresa, el abuelo Toño y otros cuentos / |c Claudio de Castro S. |
| 260 | 1 | |a Panamá : |b [editor no identificado], |c [fecha de publicación no identificada]. | |
| 300 | |a 71 páginas | ||
| 650 | 4 | |a LITERATURA PANAMEÑA | |
| 650 | 4 | |a CUENTOS | |
| 999 | |c 13982 |d 13982 | ||
| 942 | |c BK |h P863.44 C355i |2 z | ||
